[Event "FRA T.IV"]
[Site "Toulouse"]
[Date "2005.03.15"]
[Round "?"]
[White "De Jong, Arjen"]
[Black "Thamier, Stephan"]
[Result "0-1"]
[WhiteElo "1780"]
[BlackElo "1890"]
[PlyCount "84"]
[EventDate "2005.??.??"]
[EventType "team-match"]
[EventCountry "FRA"]

1. e4 e5 2. Nf3 Nc6 3. Bb5 d6 4. O-O Nf6 5. Re1 Be7 6. c3 O-O 7. h3 a6 8. Ba4
b5 9. Bc2 Bb7 10. d4 exd4 11. cxd4 Nb4 12. Nbd2 Nxc2 13. Qxc2 c5 14. d5 Nd7 15.
Nf1 Bh4 16. Ne3 Bf6 17. Nf5 Ne5 18. Nxe5 Bxe5 19. Qe2 Bc8 20. Qf3 Qf6 21. g4
Bxf5 22. gxf5 Bxb2 23. Rb1 Bxc1 24. Rbxc1 g6 25. Qf4 Rfe8 26. Kh1 gxf5 27. Rg1+
Kh8 28. exf5 Re5 29. Rg5 Rg8 30. Rcg1 Rxg5 31. Rxg5 h6 32. Rh5 Kh7 33. Rh4 Rxd5
34. Rg4 Rd4 35. Qf3 Rxg4 36. hxg4 Qa1+ 37. Kg2 Qxa2 38. Qe4 Qa4 39. Qe7 Qxg4+
40. Kf1 Qxf5 41. Qxd6 Qb1+ 42. Kg2 Qg6+ 0-1

[Event "FRA T.IV"]
[Site "Toulouse"]
[Date "2005.02.06"]
[Round "?"]
[White "Devos, Herve"]
[Black "De Baralle, Michel"]
[Result "1-0"]
[WhiteElo "1803"]
[BlackElo "1540"]
[PlyCount "95"]
[EventDate "2005.??.??"]
[EventType "team-match"]
[EventCountry "FRA"]

1. e4 c5 2. d4 cxd4 3. c3 dxc3 4. Nxc3 e6 5. Nf3 Bb4 6. Qd4 Bf8 7. Bc4 Nc6 8.
Qd1 Bb4 9. O-O Bxc3 10. bxc3 Nge7 11. Bg5 O-O 12. Qd6 a6 13. a4 h6 14. Bh4 Re8
15. Rfd1 Qa5 16. Qd2 Ne5 17. Nxe5 Qxe5 18. Qe3 Qa5 19. g4 Ng6 20. Bg3 Ne5 21.
Be2 Ng6 22. h4 Qd8 23. g5 hxg5 24. hxg5 Kh7 25. Kg2 Rh8 26. Rh1+ Kg8 27. Rxh8+
Nxh8 28. Rh1 f6 29. Bd6 Ng6 30. Qh3 f5 31. Qh7+ Kf7 32. f4 Qb6 33. Be5 Nxe5 34.
Bh5+ Ke7 35. Qxg7+ Kd8 36. Qf6+ Kc7 37. Qxe5+ d6 38. Qd4 Bd7 39. Qxb6+ Kxb6 40.
Bf7 Bc6 41. Kf2 Bxe4 42. Ke3 Bd5 43. g6 Rc8 44. g7 Rxc3+ 45. Kf2 Bc6 46. Rb1+
Ka5 47. g8=Q Rc2+ 48. Ke1 1-0

[Event "FRA T.IV"]
[Site "Toulouse"]
[Date "2005.11.20"]
[Round "?"]
[White "Dhorne, Sebastien"]
[Black "Mesples, Jean Marc"]
[Result "1/2-1/2"]
[WhiteElo "2150"]
[BlackElo "2030"]
[PlyCount "117"]
[EventDate "2005.??.??"]
[EventType "team-match"]
[EventCountry "FRA"]

1. d4 d5 2. c4 dxc4 3. Nc3 Nf6 4. Nf3 e6 5. Bg5 h6 6. Bxf6 Qxf6 7. e4 c5 8. d5
Qd8 9. Bxc4 Be7 10. O-O exd5 11. Bxd5 O-O 12. Qb3 Qc7 13. Nb5 Qb6 14. Ne5 Be6
15. Nc4 Bxd5 16. exd5 Qd8 17. d6 Bf6 18. Nc7 Nc6 19. Nxa8 Qxa8 20. Rad1 b6 21.
Rfe1 Nd4 22. Qd3 Qd5 23. b3 b5 24. Ne3 Qxd6 25. Nf5 Nxf5 26. Qxd6 Nxd6 27. Rxd6
Rc8 28. Rc1 c4 29. a4 c3 30. axb5 Rc5 31. Kf1 Rxb5 32. Rxf6 gxf6 33. Rxc3 a5
34. Ke2 Kg7 35. Kd2 Rb4 36. Rg3+ Kh7 37. Kc3 Rb5 38. Rg4 Re5 39. Rd4 Re2 40.
Rd2 Re1 41. Ra2 Re5 42. Rd2 Re1 43. h3 Kg6 44. Rd5 Ra1 45. Rd4 Rc1+ 46. Kd3 Rc5
47. Rc4 Rb5 48. Kc3 Rd5 49. Rc8 Re5 50. Rg8+ Kh7 51. Rg3 Re2 52. Kd3 Rxf2 53.
Ke3 Rb2 54. Kf4 a4 55. bxa4 Rb4+ 56. Kf5 Rxa4 57. Kxf6 Rf4+ 58. Ke5 Rf2 59. Ke4
1/2-1/2

[Event "FRA T.IV"]
[Site "Toulouse"]
[Date "2005.04.06"]
[Round "?"]
[White "Druet, Alain"]
[Black "Rouveret, Philippe"]
[Result "0-1"]
[WhiteElo "1490"]
[BlackElo "1740"]
[PlyCount "74"]
[EventDate "2005.??.??"]
[EventType "team-match"]
[EventCountry "FRA"]

1. e4 e5 2. Nf3 Nc6 3. Nc3 Nf6 4. Bc4 Bb4 5. O-O d6 6. d3 Bg4 7. h3 Bxc3 8.
hxg4 Ba5 9. c3 Bb6 10. g5 Ng4 11. Bxf7+ Kxf7 12. g6+ Kxg6 13. Bg5 Qd7 14. Qd2
Rhf8 15. Bh4 h6 16. Bg3 Rf6 17. d4 Raf8 18. Nh4+ Kh7 19. Nf5 Rxf5 20. exf5 Qxf5
21. Kh1 exd4 22. Rac1 Qh5+ 23. Kg1 dxc3 24. Qc2+ Kh8 25. bxc3 Nce5 26. Rce1 Bc5
27. Re2 Qg5 28. Rfe1 Nf6 29. Kf1 Qxg3 30. fxg3 Ne4+ 31. Rf2 Rxf2+ 32. Qxf2 Nxf2
33. Rb1 b6 34. a4 a5 35. Ke2 Ne4 36. Rh1 Nxg3+ 37. Ke1 Nxh1 0-1

[Event "FRA T.IV"]
[Site "Toulouse"]
[Date "2005.03.15"]
[Round "?"]
[White "Evrard, Emmanuel"]
[Black "Foing, Marc"]
[Result "1-0"]
[WhiteElo "1670"]
[BlackElo "1499"]
[PlyCount "63"]
[EventDate "2005.??.??"]
[EventType "team-match"]
[EventCountry "FRA"]

1. e4 d5 2. exd5 Nf6 3. d4 Nxd5 4. c4 Nb6 5. Nf3 g6 6. Be2 Bg7 7. Nc3 c6 8. O-O
O-O 9. Be3 N8d7 10. Rc1 Nf6 11. h3 Bf5 12. b3 e6 13. Bg5 Qc7 14. Bxf6 Bxf6 15.
g4 Bxg4 16. hxg4 Qf4 17. Ne5 Rad8 18. Nd3 Qxd4 19. Qc2 Rd7 20. Ne1 Rfd8 21. Ng2
Qxc3 22. Qxc3 Bxc3 23. Rxc3 Rd2 24. Re3 Rxa2 25. f4 Rdd2 26. Rf2 Nd7 27. Nh4
Nf6 28. Rg2 Rd4 29. f5 exf5 30. Nf3 Nxg4 31. Re8+ Kg7 32. Nxd4 1-0

[Event "FRA T.IV"]
[Site "Toulouse"]
[Date "2005.04.04"]
[Round "?"]
[White "Fabre, Philippe"]
[Black "Dirat, Sylvain"]
[Result "1/2-1/2"]
[WhiteElo "1740"]
[BlackElo "1740"]
[PlyCount "150"]
[EventDate "2005.??.??"]
[EventType "team-match"]
[EventCountry "FRA"]

1. e4 e5 2. Nf3 Nc6 3. Bb5 a6 4. Ba4 g6 5. c3 Bg7 6. O-O Nge7 7. d4 exd4 8.
cxd4 d5 9. e5 O-O 10. Bg5 Bg4 11. Bxc6 bxc6 12. h3 Bxf3 13. Qxf3 Qd7 14. Qf4
Rab8 15. b3 Qf5 16. Nd2 Qxf4 17. Bxf4 Rb7 18. Rac1 h6 19. Nf3 Ra8 20. g4 a5 21.
Bd2 Ra6 22. Ne1 Bf8 23. Nd3 Nc8 24. f4 Na7 25. f5 g5 26. f6 Nb5 27. Be3 Bb4 28.
Nc5 Bxc5 29. Rxc5 Na7 30. Bd2 Rb5 31. Rfc1 Rxc5 32. Rxc5 Nb5 33. Bc3 Kf8 34. a4
Nxc3 35. Rxc3 Ke8 36. Kf2 Kd7 37. Kg3 Rb6 38. h4 Rb4 39. Rd3 Ke6 40. hxg5 hxg5
41. Rc3 Rxd4 42. Rxc6+ Kxe5 43. Rxc7 Kxf6 44. Ra7 Rd3+ 45. Kf2 Rxb3 46. Rxa5
Ke5 47. Ra7 f6 48. a5 Kf4 49. Rf7 Rf3+ 50. Ke1 Kxg4 51. a6 f5 52. a7 Ra3 53.
Rd7 f4 54. Rxd5 Rxa7 55. Rd2 Ra3 56. Kf2 Rh3 57. Kg2 f3+ 58. Kg1 Kf4 59. Ra2 g4
60. Ra4+ Kg3 61. Ra3 Rh2 62. Rb3 Rc2 63. Rb1 f2+ 64. Kf1 Kh2 65. Rb8 Kg3 66.
Rb3+ Kf4 67. Rb4+ Kg3 68. Rb3+ Kf4 69. Rb4+ Kg5 70. Rb5+ Kh4 71. Kg2 Rc1 72.
Kxf2 g3+ 73. Kg2 Rc2+ 74. Kg1 Re2 75. Rb8 Re5 1/2-1/2

[Event "FRA T.IV"]
[Site "Toulouse"]
[Date "2005.03.13"]
[Round "?"]
[White "Fabre, Philippe"]
[Black "Nenert, Louis"]
[Result "1/2-1/2"]
[WhiteElo "1740"]
[BlackElo "1790"]
[PlyCount "135"]
[EventDate "2005.??.??"]
[EventType "team-match"]
[EventCountry "FRA"]

1. e4 c5 2. Nf3 Nc6 3. d4 cxd4 4. Nxd4 Nf6 5. Nc3 e5 6. Ndb5 d6 7. Bg5 a6 8.
Na3 b5 9. Bxf6 gxf6 10. Nd5 Bg7 11. Qf3 O-O 12. c3 Qa5 13. Nxf6+ Kh8 14. Nh5
Be6 15. Nc2 b4 16. Be2 Rac8 17. O-O f5 18. Nxg7 Kxg7 19. exf5 Bxf5 20. Ne3 Bg6
21. Qd5 Qc7 22. Bxa6 Rcd8 23. Qc4 Bf7 24. Qg4+ Kh8 25. Bd3 Rg8 26. Qf5 Rg7 27.
Qf6 Bg6 28. Nd5 Qf7 29. Qxf7 Bxf7 30. Nxb4 Ne7 31. Be4 d5 32. Rfd1 Rdg8 33.
Nxd5 Nxd5 34. Rxd5 Bxd5 35. Bxd5 Rd8 36. c4 Rg4 37. Rd1 Rxc4 38. Kf1 Rc5 39.
Bb3 Rxd1+ 40. Bxd1 Kg7 41. Ke2 Kf6 42. a4 Ke6 43. b4 Rc3 44. Kd2 Ra3 45. Bc2 h6
46. Kc1 Ra1+ 47. Kb2 Rf1 48. Be4 Rxf2+ 49. Kc3 Kd6 50. a5 Kc7 51. Kc4 Rd2 52.
Kc3 Rd4 53. Bf3 Kb8 54. b5 Ka7 55. h3 Ra4 56. a6 Rd4 57. Bc6 Kb6 58. Bf3 Rd6
59. Bc6 h5 60. Bf3 h4 61. Bc6 Rd4 62. Bf3 Ra4 63. Bc6 Kc5 64. Kb3 Rd4 65. a7
Rd8 66. a8=Q Rxa8 67. Bxa8 Kxb5 68. Kc3 1/2-1/2

[Event "FRA T.IV"]
[Site "Toulouse"]
[Date "2005.02.06"]
[Round "?"]
[White "Faure, Nicolas"]
[Black "Lavolle, Olivier"]
[Result "1-0"]
[WhiteElo "2004"]
[BlackElo "1810"]
[PlyCount "55"]
[EventDate "2005.??.??"]
[EventType "team-match"]
[EventCountry "FRA"]

1. d4 e6 2. Nf3 f5 3. g3 Nf6 4. Bg2 c6 5. c4 d5 6. O-O g6 7. b3 Na6 8. Ne5 Be7
9. Bh6 Ne4 10. f3 Nd6 11. e4 Bf6 12. cxd5 cxd5 13. exd5 Bxe5 14. dxe5 Nf7 15.
Bg7 Rg8 16. Bf6 Qxd5 17. Qxd5 exd5 18. f4 Be6 19. Nc3 Nc7 20. Rfd1 Nh6 21. Nxd5
Nxd5 22. Bxd5 Bxd5 23. Rxd5 Ng4 24. Re1 Rf8 25. h3 Nxf6 26. exf6+ Kf7 27. Re7+
Kxf6 28. Rde5 1-0

[Event "FRA T.IV"]
[Site "Toulouse"]
[Date "2005.04.03"]
[Round "?"]
[White "Faure, Nicolas"]
[Black "Viaud, Thierry"]
[Result "1-0"]
[WhiteElo "2008"]
[BlackElo "1660"]
[PlyCount "125"]
[EventDate "2005.??.??"]
[EventType "team-match"]
[EventCountry "FRA"]

1. e4 c5 2. Nf3 a6 3. d4 cxd4 4. Nxd4 Nf6 5. e5 Qa5+ 6. Nc3 Qxe5+ 7. Be2 e6 8.
O-O Bc5 9. Nb3 Ba7 10. Bf3 d5 11. Re1 Qd6 12. Nxd5 Nxd5 13. Qxd5 Qxd5 14. Bxd5
O-O 15. Bf3 Nc6 16. Bxc6 bxc6 17. Be3 Bb8 18. Na5 Bc7 19. Nxc6 Bb7 20. Nd4 Rfd8
21. Rad1 Rac8 22. c4 Ba5 23. Rf1 Rxc4 24. Nb3 Rxd1 25. Rxd1 Bc7 26. Nd4 Bd5 27.
b3 Rb4 28. Rc1 Rb7 29. Bf4 Bd8 30. Rc8 Rd7 31. Bc7 Bb7 32. Rxd8+ Rxd8 33. Bxd8
Kf8 34. f3 Ke8 35. Bb6 Kd7 36. Kf2 Bc6 37. Nxc6 Kxc6 38. Be3 g6 39. Ke2 Kd6 40.
Kd3 Kd5 41. b4 f5 42. Bf4 e5 43. Bxe5 Kxe5 44. Kc4 Kd6 45. a4 Kc6 46. b5+ axb5+
47. axb5+ Kd6 48. Kb4 Kd7 49. Ka5 Kc7 50. Ka6 Kb8 51. Kb6 f4 52. Ka6 g5 53. Kb6
h6 54. Kc6 h5 55. h3 Kc8 56. b6 Kb8 57. b7 h4 58. Kd5 Kxb7 59. Ke5 Kc6 60. Kf5
Kd5 61. Kxg5 Ke5 62. Kg4 Kd5 63. Kxf4 1-0

[Event "FRA T.IV"]
[Site "Toulouse"]
[Date "2005.02.06"]
[Round "?"]
[White "Forest, Eric"]
[Black "Dirat, Sylvain"]
[Result "1/2-1/2"]
[WhiteElo "1800"]
[BlackElo "1740"]
[PlyCount "99"]
[EventDate "2005.??.??"]
[EventType "team-match"]
[EventCountry "FRA"]

1. e4 e5 2. Nf3 Nc6 3. Bc4 Bc5 4. Nc3 Nf6 5. d3 d6 6. Bg5 h6 7. Bxf6 gxf6 8.
Nh4 h5 9. Nd5 Be6 10. c3 Bxd5 11. exd5 Ne7 12. Qf3 Ng6 13. Nf5 Kf8 14. a4 a5
15. h4 Ne7 16. Ng3 Ng8 17. Nxh5 Qe7 18. O-O-O Bxf2 19. Rdf1 Bc5 20. g4 Rh6 21.
Qf5 Rd8 22. g5 fxg5 23. hxg5 Be3+ 24. Kc2 Bxg5 25. Bb5 Bf4 26. Nxf4 exf4 27. d4
Qf6 28. Qxf6 Rxf6 29. Rh4 Ne7 30. Bc4 Ng6 31. Rg4 Kg7 32. Bd3 Rh8 33. Bxg6 fxg6
34. Rgxf4 Rhf8 35. Rxf6 Rxf6 36. Rh1 g5 37. Rh2 Kg6 38. b4 axb4 39. cxb4 Rf5
40. Kc3 Rxd5 41. Kc4 Rf5 42. a5 c6 43. Rh8 Rb5 44. Re8 Kf5 45. Rf8+ Kg4 46. Rf6
d5+ 47. Kc3 Kg3 48. Rf8 g4 49. Rf7 Kg2 50. Rf6 1/2-1/2

[Event "FRA T.IV"]
[Site "Toulouse"]
[Date "2005.03.13"]
[Round "?"]
[White "Forest, Eric"]
[Black "Serres, Olivier"]
[Result "0-1"]
[WhiteElo "1800"]
[BlackElo "1780"]
[PlyCount "74"]
[EventDate "2005.??.??"]
[EventType "team-match"]
[EventCountry "FRA"]

1. e4 d6 2. d4 Nf6 3. Bd3 g6 4. Ne2 Bg7 5. O-O O-O 6. Nd2 c6 7. Re1 b5 8. c4
bxc4 9. Nxc4 d5 10. exd5 cxd5 11. Ne5 Nbd7 12. Nc6 Qe8 13. Bb5 Bb7 14. Na5 Qc8
15. h3 Qc7 16. b4 a6 17. Ba4 Nb6 18. Bf4 Qc8 19. Rc1 Nc4 20. Nc3 e6 21. Nxc4
dxc4 22. a3 Nd5 23. Bd6 Rd8 24. Bc5 Nxc3 25. Rxc3 Bd5 26. Qe2 Qb7 27. f3 a5 28.
Bc2 Rac8 29. Qf2 axb4 30. axb4 Rxc5 31. bxc5 Qb2 32. Qe3 Bxf3 33. Rb1 Qxb1+ 34.
Kh2 Bxd4 35. Qxf3 Qg1+ 36. Kg3 Be5+ 37. Kg4 Bxc3 0-1

[Event "FRA T.IV"]
[Site "Toulouse"]
[Date "2005.04.03"]
[Round "?"]
[White "Galby, Vassili"]
[Black "Parpinel, Mario"]
[Result "1/2-1/2"]
[WhiteElo "1941"]
[BlackElo "1770"]
[PlyCount "36"]
[EventDate "2005.??.??"]
[EventType "team-match"]
[EventCountry "FRA"]

1. e4 e5 2. Nc3 Nf6 3. Bc4 c6 4. d3 d5 5. exd5 cxd5 6. Bb5+ Bd7 7. Bxd7+ Qxd7
8. Qe2 Nc6 9. f4 Bb4 10. Bd2 O-O 11. O-O-O exf4 12. Qf2 d4 13. Nce2 Bxd2+ 14.
Rxd2 Qd5 15. Kb1 Nb4 16. Nc1 Rfe8 17. Nge2 f3 18. gxf3 Re3 1/2-1/2

[Event "FRA T.IV"]
[Site "Toulouse"]
[Date "2005.04.04"]
[Round "?"]
[White "Golic, Nadil"]
[Black "Evrard, Emmanuel"]
[Result "1-0"]
[WhiteElo "1900"]
[BlackElo "1640"]
[PlyCount "75"]
[EventDate "2005.??.??"]
[EventType "team-match"]
[EventCountry "FRA"]

1. d4 Nf6 2. c4 g6 3. Nc3 Bg7 4. e4 d6 5. Nf3 O-O 6. Be2 e5 7. d5 Nbd7 8. O-O
Ne8 9. Qc2 h6 10. b4 a5 11. bxa5 Rxa5 12. Ne1 f5 13. Bd2 Nc5 14. f3 Ra8 15. Nd3
b6 16. Nxc5 bxc5 17. a4 f4 18. a5 h5 19. Rfb1 Qg5 20. Kh1 h4 21. h3 Nf6 22. Be1
Nh5 23. Qd2 Ng3+ 24. Bxg3 hxg3 25. Bf1 Kf7 26. Nb5 Qe7 27. Ra2 Rh8 28. Kg1 Ba6
29. Rab2 Bh6 30. Qd1 Bg5 31. Qa4 Kf6 32. Nc3 Rag8 33. Qc6 Bc8 34. Nb5 Rh7 35.
Na7 Rxh3 36. gxh3 Bxh3 37. Bxh3 Rh8 38. Qd7 1-0

[Event "FRA T.IV"]
[Site "Toulouse"]
[Date "2005.03.13"]
[Round "?"]
[White "Golic, Nadil"]
[Black "Tugaye, Francis"]
[Result "0-1"]
[WhiteElo "1900"]
[BlackElo "2110"]
[PlyCount "58"]
[EventDate "2005.??.??"]
[EventType "team-match"]
[EventCountry "FRA"]

1. d4 Nf6 2. c4 c5 3. d5 b5 4. Nc3 b4 5. Na4 d6 6. Qc2 g6 7. e4 Bg7 8. Bd3 O-O
9. Ne2 e6 10. O-O Nbd7 11. Bf4 e5 12. Bg5 h6 13. Bh4 Qe8 14. Rae1 Nh7 15. Bg3
Nb6 16. Nxb6 axb6 17. Nc1 h5 18. h3 g5 19. Qe2 f5 20. exf5 Bxf5 21. f3 Qg6 22.
Bxf5 Qxf5 23. h4 Bh6 24. b3 Ra7 25. Rf2 gxh4 26. Bxh4 Bxc1 27. Rxc1 Qf4 28. Qc2
Rg7 29. g3 Qxh4 0-1

[Event "FRA T.IV"]
[Site "Toulouse"]
[Date "2005.02.06"]
[Round "?"]
[White "Guillory, Gabriel"]
[Black "Cordier, Michel"]
[Result "1-0"]
[WhiteElo "1900"]
[BlackElo "1510"]
[PlyCount "107"]
[EventDate "2005.??.??"]
[EventType "team-match"]
[EventCountry "FRA"]

1. d4 Nf6 2. c4 e6 3. Nf3 d5 4. Nc3 Bb4 5. e3 Ne4 6. Qc2 Bxc3+ 7. bxc3 Nd7 8.
Bd3 Ndf6 9. Ba3 b6 10. O-O c5 11. Ne5 Bd7 12. Rab1 O-O 13. f3 Nd6 14. e4 dxc4
15. Nxc4 Nxc4 16. Bxc4 Qc7 17. dxc5 Rfd8 18. Qf2 bxc5 19. Bb5 Bxb5 20. Rxb5 Rd3
21. Qxc5 Qd7 22. Qb4 Rc8 23. Rb7 Qe8 24. c4 Rd4 25. Rc1 h6 26. Bb2 Rd7 27. Bxf6
gxf6 28. c5 Qd8 29. Rxd7 Qxd7 30. Qc3 e5 31. c6 Qd6 32. h3 Qd4+ 33. Qxd4 exd4
34. Kf2 Kf8 35. Ke2 Ke7 36. Kd3 Kd6 37. c7 Rxc7 38. Rxc7 Kxc7 39. Kxd4 Kd6 40.
g4 a6 41. a3 a5 42. a4 Kc6 43. Kc4 Kd6 44. f4 Kc6 45. h4 Kd6 46. Kb5 Kc7 47.
Kxa5 Kc6 48. Kb4 Kb6 49. a5+ Kc6 50. Kc4 Kd6 51. Kb5 Kc7 52. Kc5 Kb7 53. Kd6
Ka6 54. Ke7 1-0

[Event "FRA T.IV"]
[Site "Toulouse"]
[Date "2005.04.03"]
[Round "?"]
[White "Guillory, Gabriel"]
[Black "Foing, Marc"]
[Result "1-0"]
[WhiteElo "1900"]
[BlackElo "1499"]
[PlyCount "57"]
[EventDate "2005.??.??"]
[EventType "team-match"]
[EventCountry "FRA"]

1. d4 Nf6 2. c4 e6 3. Nf3 d5 4. Nc3 Bb4 5. e3 c5 6. Bd2 cxd4 7. Nxd4 Nc6 8. Qa4
Qb6 9. Nxc6 bxc6 10. a3 Bxc3 11. Bxc3 Bd7 12. Qc2 Qd8 13. Bd3 g6 14. O-O O-O
15. b4 Re8 16. Qb2 Ne4 17. Bxe4 dxe4 18. Bh8 e5 19. Bxe5 Qg5 20. Bf6 Qh5 21.
Rfd1 Be6 22. Rd6 Rac8 23. Qd4 c5 24. bxc5 Qxc5 25. Qd2 Qxc4 26. Bb2 Qc2 27. Qd4
Kf8 28. Qg7+ Ke7 29. Rad1 1-0

[Event "FRA T.IV"]
[Site "Toulouse"]
[Date "2005.04.05"]
[Round "?"]
[White "Haddab, Roland"]
[Black "De Baralle, Michel"]
[Result "0-1"]
[WhiteElo "1650"]
[BlackElo "1540"]
[PlyCount "72"]
[EventDate "2005.??.??"]
[EventType "team-match"]
[EventCountry "FRA"]

1. e4 c5 2. c3 Nc6 3. d4 cxd4 4. cxd4 d6 5. h3 Nf6 6. Nc3 g6 7. d5 Ne5 8. f4
Ned7 9. Nf3 Bg7 10. Be2 O-O 11. O-O a6 12. e5 dxe5 13. fxe5 Ne8 14. e6 fxe6 15.
Qb3 Qb6+ 16. Qxb6 Nxb6 17. dxe6 Bxe6 18. Be3 Nd5 19. Nxd5 Bxd5 20. Bd4 Nf6 21.
Rfd1 e6 22. Ne5 Rac8 23. Bc3 Rfe8 24. Ng4 Nxg4 25. Bxg7 Kxg7 26. Bxg4 Rc2 27.
Bf3 Bxf3 28. gxf3 Rxb2 29. Rd7+ Kg8 30. a4 Rf8 31. Re1 Rxf3 32. Rxe6 Rf7 33.
Rd8+ Kg7 34. Rb8 Rc7 35. Re1 Ra2 36. Rb1 Rxa4 0-1

[Event "FRA T.IV"]
[Site "Toulouse"]
[Date "2005.03.15"]
[Round "?"]
[White "Houmeau, Dominique"]
[Black "Ravon, Michel"]
[Result "0-1"]
[WhiteElo "1610"]
[BlackElo "1640"]
[PlyCount "88"]
[EventDate "2005.??.??"]
[EventType "team-match"]
[EventCountry "FRA"]

1. e4 c6 2. d4 d5 3. exd5 cxd5 4. Bd3 Nf6 5. Nf3 Nc6 6. c3 Bg4 7. Nbd2 e6 8. b4
a6 9. Qc2 Bd6 10. Bb2 O-O 11. O-O Rc8 12. Qb3 e5 13. dxe5 Nxe5 14. Nxe5 Bxe5
15. Rfe1 Qd6 16. Nf1 Be6 17. Rac1 d4 18. c4 b5 19. c5 Qb8 20. Qa3 Rc6 21. Be4
Nxe4 22. Rxe4 Bf5 23. Ree1 f6 24. Rcd1 Rd8 25. Qf3 Qc8 26. Ng3 Bg4 27. Qd3 Bxd1
28. Rxd1 Re6 29. Kf1 Qc6 30. Qb3 Qd5 31. Qxd5 Rxd5 32. h3 Bxg3 33. fxg3 d3 34.
Bc3 Re2 35. Rd2 Rf5+ 36. Kg1 Rxd2 37. Bxd2 Kf8 38. g4 Re5 39. Bf4 Re6 40. Kf1
Ke8 41. a3 Kd7 42. Kf2 Re2+ 43. Kf1 g5 44. Bg3 Rxg2 0-1

[Event "FRA T.IV"]
[Site "Toulouse"]
[Date "2005.02.06"]
[Round "?"]
[White "Jacob, Claude"]
[Black "Rich, Philippe"]
[Result "0-1"]
[WhiteElo "1670"]
[BlackElo "1980"]
[PlyCount "102"]
[EventDate "2005.??.??"]
[EventType "team-match"]
[EventCountry "FRA"]

1. e4 c5 2. c3 d5 3. exd5 Qxd5 4. d4 cxd4 5. cxd4 Nc6 6. Nf3 e5 7. dxe5 Qxd1+
8. Kxd1 Bc5 9. Nc3 Bf5 10. Bc4 Bxf2 11. Rf1 O-O-O+ 12. Ke2 Bc5 13. Bf4 Nge7 14.
Nb5 Ng6 15. Bg3 Rhe8 16. Rad1 f6 17. Rxd8+ Kxd8 18. Rd1+ Kc8 19. Rd5 Bf8 20.
Nd6+ Bxd6 21. Rxd6 Ncxe5 22. Nxe5 Nxe5 23. Bxe5 Rxe5+ 24. Kf2 Kc7 25. Rd2 Be6
26. Bxe6 Rxe6 27. Rc2+ Rc6 28. Re2 Kd7 29. b3 Re6 30. Rd2+ Kc7 31. Rc2+ Kb6 32.
h3 Re7 33. Kf3 Ka5 34. Rc4 b5 35. Rc2 Kb4 36. g4 a5 37. h4 a4 38. bxa4 bxa4 39.
h5 Kb5 40. a3 Kb6 41. Rc3 Rc7 42. Rxc7 Kxc7 43. Ke4 Kd6 44. Kd4 g6 45. Ke4 Ke6
46. Kf4 Kd5 47. h6 Kd4 48. Kf3 Ke5 49. Ke3 g5 50. Kf3 Kd4 51. Ke2 Ke4 0-1

[Event "FRA T.IV"]
[Site "Toulouse"]
[Date "2005.04.04"]
[Round "?"]
[White "Jacquart, Christian"]
[Black "Gilaberyt, David"]
[Result "1-0"]
[WhiteElo "1920"]
[BlackElo "1680"]
[PlyCount "97"]
[EventDate "2005.??.??"]
[EventType "team-match"]
[EventCountry "FRA"]

1. d4 d5 2. c4 e6 3. cxd5 exd5 4. Nf3 Nf6 5. Nc3 Bb4 6. Bd2 Bxc3 7. Bxc3 O-O 8.
e3 Bf5 9. Be2 Nbd7 10. O-O h6 11. Rc1 b6 12. Bb4 Re8 13. Bb5 a6 14. Bc6 Ra7 15.
Qb3 Be6 16. Ne5 Nxe5 17. Bxe8 Nxe8 18. dxe5 c5 19. Bd2 d4 20. Qd3 Bxa2 21. exd4
c4 22. Qe4 Rd7 23. Bc3 Bb3 24. Rfe1 Nc7 25. Ra1 a5 26. Re2 a4 27. f4 Ne6 28.
Rd2 g6 29. f5 gxf5 30. Qxf5 Nxd4 31. Qg4+ Kh7 32. Rxd4 Rxd4 33. Qxd4 Qxd4+ 34.
Bxd4 b5 35. Bc3 Kg6 36. Kf2 h5 37. Ke3 Bc2 38. Rf1 Bf5 39. Kf4 Be6 40. Rd1 h4
41. Rd6 h3 42. gxh3 Kh7 43. Kg5 Kg8 44. Kh6 Kf8 45. Bb4 Ke8 46. h4 Bh3 47. Kg7
Bg4 48. Kf6 Bh5 49. Ba5 1-0

[Event "FRA T.IV"]
[Site "Toulouse"]
[Date "2005.03.13"]
[Round "?"]
[White "Join, Etienne"]
[Black "Lacomme, Christophe"]
[Result "1/2-1/2"]
[WhiteElo "1800"]
[BlackElo "1940"]
[PlyCount "115"]
[EventDate "2005.??.??"]
[EventType "team-match"]
[EventCountry "FRA"]

1. e4 d5 2. exd5 Qxd5 3. Nc3 Qa5 4. Bc4 Bf5 5. Qf3 c6 6. Nge2 e6 7. d3 Nf6 8.
Bd2 Qc7 9. Bg5 Nbd7 10. Qg3 Bd6 11. Bf4 Bxf4 12. Nxf4 O-O-O 13. O-O h5 14. Nce2
g5 15. Nh3 Rdg8 16. Qxc7+ Kxc7 17. f4 gxf4 18. Nhxf4 Ng4 19. Ng3 Ne3 20. Rf2
Nxc4 21. dxc4 Bg4 22. Nd3 Rg7 23. Re1 h4 24. Nf1 h3 25. g3 Bf5 26. Ne5 Nxe5 27.
Rxe5 Rd8 28. Ne3 Bg6 29. Rg5 Rgg8 30. Rg4 Rh8 31. c3 Rh5 32. Rd4 Re5 33. Rxd8
Kxd8 34. Ng4 Re1+ 35. Rf1 Rxf1+ 36. Kxf1 Bd3+ 37. Ke1 Bxc4 38. Ne5 Bxa2 39.
Nxf7+ Ke7 40. Ng5 Kf6 41. Nxh3 e5 42. Ke2 c5 43. Nf2 Bb1 44. Ke3 c4 45. h4 b5
46. g4 a5 47. h5 b4 48. cxb4 axb4 49. h6 Kg5 50. Kd2 Kxh6 51. Nd1 Kg5 52. Ne3
Bd3 53. b3 e4 54. bxc4 Bxc4 55. Nxc4 Kxg4 56. Kc2 Kf3 57. Kb3 e3 58. Nxe3
1/2-1/2

[Event "FRA T.IV"]
[Site "Toulouse"]
[Date "2005.04.04"]
[Round "?"]
[White "Join, Etienne"]
[Black "Mauge, Christian"]
[Result "0-1"]
[WhiteElo "1800"]
[BlackElo "1690"]
[PlyCount "61"]
[EventDate "2005.??.??"]
[EventType "team-match"]
[EventCountry "FRA"]

1. e4 d6 2. d4 b6 3. Nc3 Bd7 4. Bc4 c6 5. Nf3 e6 6. a4 g6 7. O-O Bg7 8. Re1 f6
9. e5 d5 10. Bf1 Bh6 11. g3 Bxc1 12. Qxc1 Qe7 13. exf6 Qxf6 14. Qe3 Ne7 15. Ne5
Nf5 16. Nxd7 Kxd7 17. Qe5 Qxe5 18. dxe5 Nd4 19. Rec1 Nf3+ 20. Kh1 Nxe5 21. Bh3
Nf3 22. Rd1 Rf8 23. Kg2 Na6 24. Rd3 Ng5 25. f4 Nxh3 26. Kxh3 Nb4 27. Rd2 Kc7
28. Re1 Rae8 29. Ne2 c5 30. Nc3 a6 31. Kg4 0-1

[Event "FRA T.IV"]
[Site "Toulouse"]
[Date "2005.02.06"]
[Round "?"]
[White "Klinchand, Didier"]
[Black "Lefevre, Gerard"]
[Result "0-1"]
[WhiteElo "1956"]
[BlackElo "1850"]
[PlyCount "126"]
[EventDate "2005.??.??"]
[EventType "team-match"]
[EventCountry "FRA"]

1. e4 c5 2. Nf3 Nc6 3. d4 cxd4 4. Nxd4 d6 5. Bb5 Bd7 6. Nc3 Nf6 7. Bc4 g6 8.
Be3 Bg7 9. Nde2 O-O 10. a3 Ng4 11. Bg5 Qb6 12. O-O Qc5 13. Bd5 e6 14. Bxc6 Bxc6
15. Be7 Be5 16. Ng3 Rfe8 17. Bxd6 Qxd6 18. Qxg4 Bxc3 19. bxc3 Qd2 20. Rfd1 Qxc3
21. Qg5 f6 22. Qh6 Rad8 23. h4 Rxd1+ 24. Rxd1 Qxc2 25. Rd6 Qc5 26. Rd3 Qf8 27.
Qe3 a6 28. Qb6 Qh6 29. h5 f5 30. hxg6 hxg6 31. Ne2 Bxe4 32. Rh3 Qg7 33. Nf4
Qa1+ 34. Kh2 Qe5 35. Qe3 Qc7 36. Qg3 Qg7 37. Nxg6 f4 38. Nxf4 Qxg3+ 39. Rxg3+
Kf7 40. Re3 Bc6 41. Ne2 Kf6 42. Nc3 Rh8+ 43. Kg1 Kf5 44. Na2 a5 45. Nc3 Rg8 46.
f3 Rd8 47. Kf2 Rd2+ 48. Kg3 b5 49. Ne2 b4 50. axb4 axb4 51. Nc1 Bd5 52. Nb3 Rb2
53. Nd4+ Kf6 54. Nb5 Rc2 55. Re1 b3 56. Rb1 b2 57. Na3 Re2 58. Rh1 Ba2 59. Rd1
Kf5 60. Nb1 Rc2 61. Na3 Rc3 62. Nb5 Rc1 63. Nd4+ Kg6 0-1

[Event "FRA T.IV"]
[Site "Toulouse"]
[Date "2005.01.09"]
[Round "?"]
[White "Kousnetsoff, Dimitri"]
[Black "Nghiem Cong, Luat"]
[Result "0-1"]
[WhiteElo "2070"]
[BlackElo "1970"]
[PlyCount "68"]
[EventDate "2005.??.??"]
[EventType "team-match"]
[EventCountry "FRA"]

1. e4 c6 2. d3 d5 3. Nd2 e5 4. Ngf3 Nd7 5. g3 Ngf6 6. Bg2 Bd6 7. O-O O-O 8. c3
Re8 9. Qc2 Qc7 10. a4 a5 11. Re1 b6 12. c4 d4 13. Nf1 Bb4 14. Re2 Nc5 15. h3
Bd7 16. g4 Ne6 17. Ng3 h6 18. Nf5 Bf8 19. Nh2 Kh7 20. h4 g6 21. g5 hxg5 22.
hxg5 Nh5 23. Ng3 Nxg3 24. fxg3 Be7 25. Nf3 Kg7 26. Bh3 Rh8 27. Bxe6 Bxe6 28.
Nh4 Rh5 29. Nf3 Bg4 30. Rf2 Bxf3 31. Rxf3 Rah8 32. Qg2 Qd7 33. Bd2 Qh3 34. Rf2
Qh1+ 0-1